Contracting out authority services in Britain (Record no. 13979)

000 -LEADER
fixed length control field 00406pab a2200157 454500
008 - FIXED-LENGTH DATA ELEMENTS--GENERAL INFORMATION
fixed length control field 180718b1985 xxu||||| |||| 00| 0 eng d
100 ## - MAIN ENTRY--PERSONAL NAME
Personal name Minogue, Martin
245 ## - TITLE STATEMENT
Title Contracting out authority services in Britain
260 ## - PUBLICATION, DISTRIBUTION, ETC.
Date of publication, distribution, etc. 1985
300 ## - PHYSICAL DESCRIPTION
Extent 82-90
362 ## - DATES OF PUBLICATION AND/OR SEQUENTIAL DESIGNATION
Dates of publication and/or sequential designation Spring
650 ## - SUBJECT ADDED ENTRY--TOPICAL TERM
Topical term or geographic name entry element Municipal Services - U.K
700 ## - ADDED ENTRY--PERSONAL NAME
Personal name Jeremy O' Grady
773 ## - HOST ITEM ENTRY
Main entry heading Planning and Administration
909 ## -
-- 13979
Holdings
Withdrawn status Lost status Damaged status Not for loan Permanent Location Current Location Date acquired Serial Enumeration / chronology Barcode Date last seen Price effective from Koha item type
        Indian Institute of Public Administration Indian Institute of Public Administration 2018-07-19 Volume no: 12, Issue no: 1 AR14022 2018-07-19 2018-07-19 Articles

Powered by Koha